01079 am a2200169 a 450000500170000000800410001702000080005804100080006610000250007424500670009925000110016626000650017730000100024250001020025250505400035465300150089420240814123119.0100915s1998||||ag a f |||| 001 0 spa d aS/N aspa1 aAcuña, Leopoldo E. aOjo clínico. bVademecum literario / cLeopoldo E. Acuña. a1a ed. aLa Plata [Buenos Aires ; Argentina]: bArte Médico;c1998. a83 p. aAcuña, L. E. (1998). Ojo clínico. Vademecum literario. (1a ed.). Buenos Aires : Arte Médico a"Ojo Clínico" es una expresión que designa la aptitud singular para apreciar rápidamente las circunstancias que ocurren en determinados casos. También es el nombre de fantasía utilizado en un ciclo de programas de televisión, que intenta relacionar al arte de curar con otras artes: música, pintura, cine, escultura, literatura. Precisamente en la forma de cuentos cortos y poemas, se presenta este libro sobre medicina y literatura, que apunta a expresar por escrito, lo alguna vez expuesto en la pantalla del televisor. aLiteratura